[Event "Ulan Bator Mongolia Fed"]
[Site "Ulan Bator"]
[Date "2024.03.24"]
[Round "7"]
[White "Galmandakh, Badrakh"]
[Black "Mungunzul, Bat Erdene"]
[Result "1/2-1/2"]
[WhiteElo "2219"]
[BlackElo "2060"]
[PlyCount "88"]
[EventDate "2024.03.21"]
[EventType "swiss"]
[EventRounds "7"]
[EventCountry "MGL"]
[SourceTitle "CB13_2024"]
[SourceDate "2024.03.27"]
[SourceVersion "1"]
[SourceVersionDate "2024.03.27"]
[SourceQuality "1"]

1. e4 e5 2. Bc4 Nf6 3. d3 c6 4. Nf3 Be7 5. 0-0 d6 6. a4 a5 7. h3 0-0 8. Nc3 Nbd7 9. d4 h6 10. Re1 Re8 11. b3 Qc7 12. Ba3 Nf8 13. Qd2 Be6 14. d5 Bc8 15. Rad1 Rd8 16. Kh2 Ng6 17. g3 Nh7 18. Qe2 c5 19. Bc1 Rf8 20. Ng1 f5 21. exf5 Bxf5 22. Bd3 Bg5 23. Bb2 Rf7 24. Bxf5 Rxf5 25. Rd3 Raf8 26. Rf3 Qf7 27. Kg2 Be7 28. Rxf5 Qxf5 29. Ne4 h5 30. Qf3 Ng5 31. Qxf5 Rxf5 32. Nxg5 Bxg5 33. Nf3 Bd8 34. Nd2 Nf8 35. Ne4 Be7 36. Bc3 b6 37. Re3 Nd7 38. Rf3 g6 39. g4 hxg4 40. hxg4 Rxf3 41. Kxf3 Kf7 42. Bd2 Nf6 43. Nxf6 Bxf6 44. Ke4 Ke8 1/2-1/2

[Event "Ulan Bator Mongolia Fed"]
[Site "Ulan Bator"]
[Date "2024.03.23"]
[Round "4"]
[White "Mungunzul, Bat Erdene"]
[Black "Tenuunbold, Battulga"]
[Result "1/2-1/2"]
[WhiteElo "2060"]
[BlackElo "2091"]
[PlyCount "116"]
[EventDate "2024.03.21"]
[EventType "swiss"]
[EventRounds "7"]
[EventCountry "MGL"]
[SourceTitle "CB13_2024"]
[SourceDate "2024.03.27"]
[SourceVersion "1"]
[SourceVersionDate "2024.03.27"]
[SourceQuality "1"]

1. d4 d5 2. c4 c6 3. Nc3 Nf6 4. Nf3 e6 5. Bg5 h6 6. Bxf6 Qxf6 7. Qb3 Nd7 8. e4 dxe4 9. Nxe4 Qf4 10. Bd3 Be7 11. 0-0 0-0 12. Bc2 c5 13. d5 f5 14. Ng3 e5 15. d6 Bxd6 16. Qd3 e4 17. Qd5+ Kh8 18. Ne2 Qg4 19. h3 Qg6 20. Nh4 Qf6 21. Nxf5 Nb6 22. Qxd6 Bxf5 23. Qxf6 gxf6 24. Ng3 Be6 25. Bxe4 Nxc4 26. Rfc1 Rac8 27. Bxb7 Rc7 28. b3 Rxb7 29. bxc4 Rb4 30. Ne4 Rc8 31. a3 Ra4 32. Rc3 f5 33. Nd6 Rd8 34. Nb7 Rc8 35. Re1 Bg8 36. Re5 f4 37. Rf5 Rc7 38. Nd6 Rc6 39. Rf6 Kh7 40. Ne4 Rxf6 41. Nxf6+ Kg7 42. Ne4 Rxc4 43. Rxc4 Bxc4 44. f3 Bb5 45. Nxc5 Kf6 46. Kf2 Ke5 47. g3 fxg3+ 48. Kxg3 Kd4 49. Ne6+ Kc4 50. f4 Be8 51. f5 Kb3 52. f6 a5 53. Nd8 Kxa3 54. f7 Bxf7 55. Nxf7 a4 56. Ne5 Kb3 57. Nd3 a3 58. Kg4 Kc3 1/2-1/2

[Event "Ulan Bator Mongolia Fed"]
[Site "Ulan Bator"]
[Date "2024.03.22"]
[Round "3"]
[White "Chinguun, Sumiya"]
[Black "Mungunzul, Bat Erdene"]
[Result "0-1"]
[WhiteElo "2350"]
[BlackElo "2060"]
[PlyCount "180"]
[EventDate "2024.03.21"]
[EventType "swiss"]
[EventRounds "7"]
[EventCountry "MGL"]
[SourceTitle "CB13_2024"]
[SourceDate "2024.03.27"]
[SourceVersion "1"]
[SourceVersionDate "2024.03.27"]
[SourceQuality "1"]

1. e4 e5 2. Nf3 Nf6 3. Nxe5 d6 4. Nf3 Nxe4 5. Nc3 Nxc3 6. dxc3 Be7 7. Be3 Nc6 8. Qd2 Ne5 9. Be2 0-0 10. 0-0-0 c6 11. Kb1 Qa5 12. Ng5 f6 13. Ne4 Be6 14. c4 Qxd2 15. Nxd2 d5 16. cxd5 Bxd5 17. f4 Nf7 18. Bf3 Bxf3 19. Nxf3 Bd6 20. Rd3 Rfe8 21. Rhd1 b6 22. Bc1 Bf8 23. Nd4 Rac8 24. f5 Ne5 25. R3d2 g6 26. Rf2 Rcd8 27. Rff1 Rd5 28. c3 gxf5 29. Nxf5 Red8 30. Rde1 Kf7 31. h3 Nd3 32. Re2 Re8 33. Rxe8 Kxe8 34. Nd4 Nxc1 35. Kxc1 Rd6 36. Kc2 Kf7 37. Nf5 Rd7 38. a4 a5 39. g4 Bc5 40. Ng3 Rd5 41. Ne4 Be7 42. Ng3 Bd6 43. Nf5 Bc5 44. g5 Kg6 45. Nh4+ Kxg5 46. Nf3+ Kg6 47. Nh4+ Kf7 48. Nf5 Kg6 49. Nh4+ Kg5 50. Nf3+ Kh5 51. Ne1 Kg6 52. Nd3 Bd6 53. Re1 Kf7 54. Rf1 Rh5 55. Rf3 Rg5 56. b4 Rg1 57. bxa5 bxa5 58. Nc1 Rg2+ 59. Kb3 Ke6 60. Kc4 f5 61. Nd3 Re2 62. Nc5+ Kf6 63. Kd3 Re1 64. Nb3 Re5 65. Nd4 c5 66. Nb3 Re4 67. c4 Re1 68. Nxa5 Ra1 69. Nb3 Rxa4 70. Nd2 Kg5 71. Nf1 Bf4 72. Rf2 Ra3+ 73. Ke2 Rxh3 74. Rg2+ Kf6 75. Rg8 Rc3 76. Rh8 Kg7 77. Rc8 Rxc4 78. Kf3 h5 79. Rc6 h4 80. Ra6 h3 81. Ng3 Bxg3 82. Kxg3 Rc3+ 83. Kf4 h2 84. Ra7+ Kg6 85. Ra6+ Kh5 86. Ra8 Rf3+ 87. Ke5 Kg4 88. Rh8 Kg3 89. Kf6 Kg2 90. Kg6 Rh3 0-1

[Event "Ugra-Mongolia (Women) m"]
[Site "Khanty-Mansiysk"]
[Date "2023.12.12"]
[Round "5.1"]
[White "Kovanova, Baira"]
[Black "Mungunzul, Bat Erdene"]
[Result "1-0"]
[WhiteElo "2337"]
[BlackElo "2072"]
[PlyCount "121"]
[EventDate "2023.12.11"]
[EventType "schev (rapid)"]
[EventRounds "6"]
[EventCountry "RUS"]
[SourceTitle "CB51_2023"]
[SourceDate "2023.12.20"]
[SourceVersion "1"]
[SourceVersionDate "2023.12.20"]
[SourceQuality "1"]
[WhiteTeam "Ugra"]
[BlackTeam "Mongolia"]
[WhiteTeamCountry "RUS"]
[BlackTeamCountry "MGL"]

1. e4 e5 2. Nf3 Nf6 3. d4 Nxe4 4. Bd3 d5 5. Nxe5 Nd7 6. Nc3 Nxe5 7. dxe5 Nxc3 8. bxc3 Bc5 9. Qh5 Be6 10. Rb1 g6 11. Qh6 Bf8 12. Qf4 Bg7 13. Rxb7 0-0 14. 0-0 Re8 15. Bb5 Bd7 16. e6 Rxe6 17. Rxc7 Be8 18. Rb7 Qc8 19. Rc7 Qd8 20. Rb7 Qc8 21. Rc7 Qd8 22. Bxe8 Qxe8 23. Qf3 Re1 24. g3 Rb8 25. Rxe1 Qxe1+ 26. Kg2 Qe6 27. Rxa7 Bf8 28. Ba3 Bxa3 29. Rxa3 Rb2 30. Ra5 Rxc2 31. Qxd5 Qxd5+ 32. Rxd5 Rxc3 33. a4 Ra3 34. a5 Kg7 35. g4 h6 36. h4 Ra4 37. Kg3 Ra3+ 38. f3 Ra4 39. h5 gxh5 40. Rxh5 Ra3 41. Rf5 Kg6 42. Kf4 Ra4+ 43. Ke3 Ra3+ 44. Ke4 f6 45. Rc5 Kg7 46. Rc7+ Kg6 47. Rc5 Kg7 48. f4 Kg6 49. Kd5 h5 50. gxh5+ Kxh5 51. Kc6+ Kg4 52. f5 Kg5 53. Rb5 Ra1 54. Kb7 Rh1 55. a6 Rh7+ 56. Kb6 Rh8 57. a7 Rg8 58. Rc5 Rf8 59. Kb7 Rf7+ 60. Kb8 Rf8+ 61. Rc8 1-0

[Event "Ugra-Mongolia (Women) m"]
[Site "Khanty-Mansiysk"]
[Date "2023.12.12"]
[Round "6.6"]
[White "Mungunzul, Bat Erdene"]
[Black "Nikolaeva, Daria S"]
[Result "1-0"]
[WhiteElo "2072"]
[BlackElo "1364"]
[PlyCount "169"]
[EventDate "2023.12.11"]
[EventType "schev (rapid)"]
[EventRounds "6"]
[EventCountry "RUS"]
[SourceTitle "CB51_2023"]
[SourceDate "2023.12.20"]
[SourceVersion "1"]
[SourceVersionDate "2023.12.20"]
[SourceQuality "1"]
[WhiteTeam "Mongolia"]
[BlackTeam "Ugra"]
[WhiteTeamCountry "MGL"]
[BlackTeamCountry "RUS"]

1. d4 Nf6 2. c4 e6 3. Nc3 Bb4 4. Qc2 b6 5. a3 Bxc3+ 6. Qxc3 Bb7 7. Bg5 d6 8. f3 Nbd7 9. e3 e5 10. Bd3 c6 11. Ne2 Qc7 12. 0-0 h6 13. Bxf6 Nxf6 14. Ng3 Bc8 15. Rfd1 Be6 16. Rd2 exd4 17. Qxd4 0-0 18. Rad1 Rad8 19. Bb1 d5 20. c5 bxc5 21. Qxc5 Qb6 22. Qc3 Rb8 23. Kf2 Rfc8 24. Ne2 c5 25. Nf4 Qb3 26. Rc1 Qxc3 27. Rxc3 g5 28. Ne2 Rb7 29. b3 Rcb8 30. Ba2 Nd7 31. Nc1 Kg7 32. Ne2 Rd8 33. Rc1 Rc7 34. Nc3 Nf6 35. Na4 Nd7 36. Rdc2 Rdc8 37. Rc3 Ne5 38. Bb1 Nd7 39. Bd3 Ne5 40. Ba6 Rb8 41. Nxc5 Re7 42. Be2 Ng6 43. b4 Rd8 44. Rd1 Rb8 45. Na6 Rb6 46. Nc7 Rd6 47. Rc5 Nf8 48. Nxd5 Bxd5 49. Rdxd5 Rde6 50. e4 Ng6 51. Rd8 Nf4 52. Bc4 Rb6 53. g3 Ne6 54. Bxe6 Rexe6 55. Ke3 Ra6 56. Rd3 Kf6 57. h4 gxh4 58. gxh4 Kg7 59. h5 Rf6 60. f4 Rae6 61. f5 Ra6 62. Kf4 Rfd6 63. Rxd6 Rxd6 64. Ra5 a6 65. a4 Rd4 66. Rxa6 Rxb4 67. Ra7 Kf6 68. a5 Ra4 69. Ra6+ Ke7 70. Rxh6 Rxa5 71. Rb6 Ra1 72. h6 Rh1 73. Ke5 Rh4 74. Ra6 Rh1 75. Ra7+ Kf8 76. f6 Kg8 77. Kd6 Rxh6 78. Ke7 Rh4 79. Ra8+ Kh7 80. Kxf7 Rxe4 81. Ra1 Rh4 82. Re1 Kh6 83. Kf8 Kg6 84. f7 Rf4 85. Kg8 1-0

[Event "Wch U18 Girls"]
[Site "Montesilvano"]
[Date "2023.11.22"]
[Round "9"]
[White "Mungunzul, Bat Erdene"]
[Black "Shohradova, Lala"]
[Result "0-1"]
[WhiteElo "2111"]
[BlackElo "1846"]
[PlyCount "132"]
[EventDate "2023.11.13"]
[EventType "swiss"]
[EventRounds "11"]
[EventCountry "ITA"]
[SourceTitle "CB48_2023"]
[SourceDate "2023.11.29"]
[SourceVersion "1"]
[SourceVersionDate "2023.11.29"]
[SourceQuality "1"]

1. d4 Nf6 2. c4 e6 3. Nc3 Bb4 4. Qc2 d5 5. cxd5 exd5 6. Bg5 h6 7. Bh4 g5 8. Bg3 Ne4 9. e3 h5 10. f3 Nxg3 11. hxg3 Nc6 12. g4 h4 13. Bd3 Qe7 14. Kf2 Be6 15. Nge2 Qf6 16. Raf1 0-0-0 17. Ke1 Rhe8 18. Kd1 Qe7 19. a3 Bd6 20. Kc1 f6 21. Kb1 Bg8 22. Bg6 Qxe3 23. Bxe8 Rxe8 24. Rd1 Qf2 25. Nc1 Qxc2+ 26. Kxc2 Bh7+ 27. Kb3 Bf4 28. Ka2 Kd8 29. Rde1 Nxd4 30. Rxe8+ Kxe8 31. Rd1 c5 32. Nd3 Bd6 33. b4 b6 34. bxc5 bxc5 35. Kb2 c4 36. Nb4 Be5 37. Nbxd5 Bg8 38. Ka2 Kd7 39. Kb1 Bh7+ 40. Kc1 Ke6 41. Kb2 Nb5 42. a4 Nxc3 43. Nxc3 Bd3 44. Rc1 a5 45. Rh1 Kd6 46. f4 gxf4 47. Rxh4 Kc5 48. Rh5 Kb4 49. Rxe5 fxe5 50. g5 Kc5 51. Nb5 Kd5 52. Kc3 Ke6 53. Kd2 Be4 54. g6 Bxg6 55. Ke2 Kd5 56. Kd2 Be4 57. Nc3+ Kd4 58. g3 f3 59. Nd1 Bc6 60. g4 Bxa4 61. Nc3 Be8 62. g5 e4 63. Nd1 a4 64. Ke1 a3 65. Kf2 a2 66. Ne3 Kd3 0-1

[Event "Wch U18 Girls"]
[Site "Montesilvano"]
[Date "2023.11.17"]
[Round "5"]
[White "Mungunzul, Bat Erdene"]
[Black "Petricenco, Ana"]
[Result "1/2-1/2"]
[WhiteElo "2111"]
[BlackElo "1902"]
[PlyCount "118"]
[EventDate "2023.11.13"]
[EventType "swiss"]
[EventRounds "11"]
[EventCountry "ITA"]
[SourceTitle "CB48_2023"]
[SourceDate "2023.11.29"]
[SourceVersion "1"]
[SourceVersionDate "2023.11.29"]
[SourceQuality "1"]

1. d4 d5 2. c4 c6 3. Nc3 Nf6 4. Nf3 dxc4 5. a4 Bf5 6. Ne5 Nbd7 7. Nxc4 Qc7 8. g3 e5 9. dxe5 Nxe5 10. Bf4 Nfd7 11. Bg2 g5 12. Ne3 gxf4 13. Nxf5 0-0-0 14. Qc2 Nc5 15. 0-0 fxg3 16. hxg3 a5 17. Rad1 h5 18. Rxd8+ Qxd8 19. Rd1 Qf6 20. Bh3 Kb8 21. Qd2 Ng6 22. Qe3 Qe5 23. Qxe5+ Nxe5 24. Rd4 Kc7 25. Kg2 Ne6 26. Re4 Ng6 27. Nh4 Nxh4+ 28. Rxh4 Bg7 29. Bxe6 fxe6 30. Nd1 Bf6 31. Re4 Kd6 32. b3 b5 33. Ne3 Rb8 34. f3 Rg8 35. Nd1 Be5 36. f4 Bf6 37. Nf2 e5 38. Kf3 exf4 39. Rxf4 Be5 40. Ne4+ Ke6 41. Rh4 Rf8+ 42. Kg2 Kd5 43. Ng5 bxa4 44. bxa4 c5 45. Rxh5 Rh8 46. e4+ Kc4 47. Rxh8 Bxh8 48. Nf7 Bg7 49. Kf3 Kd4 50. Nd6 Be5 51. Nf7 Bf6 52. e5 Be7 53. Kf4 c4 54. Nd6 c3 55. Nb5+ Kd3 56. Nxc3 Kxc3 57. g4 Kd4 58. Kf5 Kd5 59. g5 Bxg5 1/2-1/2

[Event "Ulaanbaatar MICA op"]
[Site "Ulaanbaatar"]
[Date "2023.11.02"]
[Round "8"]
[White "Batsaikhan, Begz"]
[Black "Mungunzul, Bat Erdene"]
[Result "0-1"]
[WhiteElo "2007"]
[BlackElo "2111"]
[PlyCount "128"]
[EventDate "2023.10.27"]
[EventType "swiss"]
[EventRounds "9"]
[EventCountry "MGL"]
[SourceTitle "CB48_2023"]
[SourceDate "2023.11.29"]
[SourceVersion "1"]
[SourceVersionDate "2023.11.29"]
[SourceQuality "1"]

1. Nf3 d5 2. d4 Nf6 3. Bf4 c5 4. e3 Nc6 5. c3 Qb6 6. b3 Bg4 7. Nbd2 Rc8 8. Rc1 e6 9. Bd3 Be7 10. h3 Bh5 11. 0-0 0-0 12. Qe2 Rfd8 13. g4 Bg6 14. Ne5 cxd4 15. Nxg6 hxg6 16. exd4 Bd6 17. Be3 Qc7 18. f4 Re8 19. Kg2 Re7 20. b4 Rce8 21. Qf2 a5 22. b5 Nb8 23. c4 dxc4 24. Nxc4 Nd5 25. Bd2 Bb4 26. a3 Bxd2 27. Qxd2 a4 28. f5 gxf5 29. gxf5 Nf6 30. Ne5 Qd6 31. Qe3 Nbd7 32. fxe6 Rxe6 33. Bc4 Nxe5 34. Bxe6 Ng6 35. Rc8 Qxe6 36. Qxe6 fxe6 37. Rfc1 Nh4+ 38. Kf2 Nf5 39. Rxe8+ Nxe8 40. Rc4 Ned6 41. Rxa4 Nxb5 42. Ra8+ Kf7 43. a4 Nbxd4 44. Ra7 Nd6 45. a5 N4b5 46. Ra8 Nc7 47. Rb8 Na6 48. Rd8 Ke7 49. Rh8 Nc4 50. Rh5 e5 51. Kf3 Ke6 52. Rg5 Kf6 53. h4 Nxa5 54. Ke4 Nc6 55. Rg2 Nc5+ 56. Kd5 Ne6 57. Kd6 Ncd4 58. h5 Nf4 59. Rh2 e4 60. Kc5 Nf5 61. Rb2 e3 62. Rxb7 e2 63. Rb1 e1Q 64. Rxe1 Nd3+ 0-1

[Event "Ulaanbaatar MICA op"]
[Site "Ulaanbaatar"]
[Date "2023.11.01"]
[Round "6"]
[White "Mungunzul, Bat Erdene"]
[Black "Tuvsanaa, Nyamaa"]
[Result "1/2-1/2"]
[WhiteElo "2111"]
[BlackElo "2230"]
[PlyCount "160"]
[EventDate "2023.10.27"]
[EventType "swiss"]
[EventRounds "9"]
[EventCountry "MGL"]
[SourceTitle "CB48_2023"]
[SourceDate "2023.11.29"]
[SourceVersion "1"]
[SourceVersionDate "2023.11.29"]
[SourceQuality "1"]

1. d4 d5 2. c4 c6 3. Nc3 Nf6 4. Nf3 e6 5. Bg5 Qa5 6. Bxf6 gxf6 7. e3 Nd7 8. a3 a6 9. b4 Qd8 10. e4 dxe4 11. Nxe4 f5 12. Ng3 h5 13. Bd3 h4 14. Ne2 a5 15. Rb1 axb4 16. axb4 Bd6 17. Qb3 Qf6 18. h3 e5 19. dxe5 Nxe5 20. Nxe5 Qxe5 21. f4 Qe3 22. Rf1 Be6 23. Rf3 Qa7 24. Kf1 Rg8 25. Qc2 Qa2 26. c5 Qxc2 27. Bxc2 Be7 28. Nd4 Ra2 29. Rf2 Bd5 30. Nxf5 Bf6 31. Nd6+ Kf8 32. Be4 Rxf2+ 33. Kxf2 Ba2 34. Rd1 Kg7 35. Nxb7 Bc3 36. Bxc6 Bxb4 37. Bf3 Be6 38. c6 Ra8 39. Kg1 Ra2 40. Nd8 Ba5 41. Nxe6+ fxe6 42. Rd7+ Kf6 43. Bh5 Bb6+ 44. Kh2 Kf5 45. c7 Ra1 46. g4+ hxg3+ 47. Kxg3 Ra3+ 48. Bf3 Rc3 49. c8Q Rxc8 50. Rd6 Bc5 51. Bg4+ Kf6 52. Rxe6+ Kg7 53. h4 Rb8 54. h5 Rb6 55. Re5 Bd4 56. Rd5 Bf6 57. Bf5 Kh6 58. Kg4 Bg7 59. Rd8 Ra6 60. Be4 Rb6 61. Rd5 Ra6 62. Rg5 Rb6 63. Bd5 Rd6 64. Kf3 Rb6 65. Ke4 Ra6 66. Rg2 Rb6 67. f5 Rb4+ 68. Ke3 Bd4+ 69. Kd3 Kxh5 70. Rg6 Bb2 71. Bf3+ Kh4 72. Ke3 Bc1+ 73. Kd3 Rb3+ 74. Ke2 Rb2+ 75. Ke1 Bd2+ 76. Kf1 Bg5 77. Be2 Rb4 78. Rg8 Rf4+ 79. Kg2 Bf6 80. Rg3 Rxf5 1/2-1/2

[Event "Ulaanbaatar MICA op"]
[Site "Ulaanbaatar"]
[Date "2023.10.30"]
[Round "5"]
[White "Zol Uchral, Erdenesaikhan"]
[Black "Mungunzul, Bat Erdene"]
[Result "0-1"]
[WhiteElo "1853"]
[BlackElo "2111"]
[PlyCount "82"]
[EventDate "2023.10.27"]
[EventType "swiss"]
[EventRounds "9"]
[EventCountry "MGL"]
[SourceTitle "CB48_2023"]
[SourceDate "2023.11.29"]
[SourceVersion "1"]
[SourceVersionDate "2023.11.29"]
[SourceQuality "1"]

1. d4 d5 2. c4 c6 3. Nf3 Nf6 4. Nc3 a6 5. c5 g6 6. h3 Bg7 7. Bf4 Bf5 8. e3 0-0 9. Be2 Re8 10. Qb3 Ra7 11. 0-0 Nbd7 12. Rad1 Ne4 13. g4 Be6 14. Ng5 Nxg5 15. Bxg5 f6 16. Bf4 Bf7 17. e4 e5 18. Be3 f5 19. exd5 exd4 20. Bxd4 Bxd4 21. Rxd4 cxd5 22. Qc2 fxg4 23. Bxg4 Nf6 24. b4 b6 25. Na4 bxc5 26. Nxc5 Qd6 27. Rfd1 a5 28. a3 axb4 29. axb4 Rea8 30. Ne4 Nxe4 31. Rxe4 Ra2 32. Qc3 Rxf2 33. Kxf2 Qh2+ 34. Ke3 dxe4 35. Bd7 Qg3+ 36. Kd4 Qd6+ 37. Ke3 Qxd1 38. Qc6 Ra3+ 39. Kf4 Qf3+ 40. Ke5 Qg3+ 41. Kf6 Rf3+ 0-1

[Event "Tianjin Binhai Cup-A 3rd"]
[Site "Tianjin"]
[Date "2023.08.22"]
[Round "5"]
[White "Cheng, Zihan"]
[Black "Mungunzul, Bat Erdene"]
[Result "1-0"]
[WhiteElo "1822"]
[BlackElo "2239"]
[PlyCount "139"]
[EventDate "2023.08.20"]
[EventType "swiss"]
[EventRounds "9"]
[EventCountry "CHN"]
[SourceTitle "CBM 215 Extra"]
[Source "ChessBase"]
[SourceDate "2023.09.30"]
[SourceVersion "1"]
[SourceVersionDate "2023.09.30"]
[SourceQuality "1"]

1. e4 e5 2. Nf3 Nc6 3. Bb5 a6 4. Ba4 b5 5. Bb3 Bc5 6. 0-0 Nf6 7. c3 d6 8. d4 Bb6 9. a4 Bg4 10. Bg5 Rb8 11. Bd5 Ne7 12. Bxf6 gxf6 13. h3 Nxd5 14. exd5 Bh5 15. axb5 axb5 16. Qd3 Qd7 17. Nh4 Bg6 18. Qf3 Ke7 19. Nd2 Rhg8 20. Kh2 f5 21. Rae1 f6 22. Qe3 Rbe8 23. f4 Kd8 24. Ra1 Kc8 25. Qd3 e4 26. Qb1 Kd8 27. Re1 Bf7 28. Qa2 e3 29. Ndf3 Qc8 30. Qa8 Qxa8 31. Rxa8+ Kd7 32. Rxe8 Rxe8 33. Nxf5 e2 34. Ng3 Bxd5 35. Rxe2 Rxe2 36. Nxe2 c5 37. Kg3 Bc4 38. Kf2 Ke6 39. Ke3 Kd5 40. Ng3 Bb3 41. Nh5 Bd8 42. g4 Bd1 43. Ne1 cxd4+ 44. cxd4 Kc4 45. f5 b4 46. Nf4 h6 47. Kd2 Ba4 48. Ned3 Be7 49. Ne6 Bc6 50. Ndf4 d5 51. h4 Bd6 52. Nh5 Be7 53. g5 hxg5 54. hxg5 fxg5 55. f6 Bd6 56. f7 Kb3 57. Nhg7 Bd7 58. Nc5+ Kxb2 59. Nxd7 b3 60. Nf5 Bb4+ 61. Ke2 Ka2 62. Nc5 b2 63. f8Q b1Q 64. Qa8+ Ba3 65. Qxd5+ Ka1 66. Nb3+ Kb2 67. Nd2 Qc2 68. Ne3 Qa4 69. Nd1+ Ka1 70. Nb3+ 1-0

[Event "MGL-ch (Women)"]
[Site "Ulaanbaatar"]
[Date "2023.05.23"]
[Round "4"]
[White "Mungunzul, Bat Erdene"]
[Black "Bayarmaa, Bayarjargal"]
[Result "1/2-1/2"]
[WhiteElo "2299"]
[BlackElo "2167"]
[PlyCount "83"]
[EventDate "2023.05.20"]
[EventType "tourn"]
[EventRounds "11"]
[EventCountry "MGL"]
[SourceTitle "CBM 214 Extra"]
[Source "ChessBase"]
[SourceDate "2023.07.31"]
[SourceVersion "1"]
[SourceVersionDate "2023.07.31"]
[SourceQuality "1"]

1. d4 Nf6 2. c4 g6 3. Nc3 Bg7 4. e4 d6 5. f3 0-0 6. Be3 c6 7. Qd2 e5 8. d5 cxd5 9. cxd5 a6 10. Bd3 Nbd7 11. Nge2 Nc5 12. Bc2 a5 13. a3 Nfd7 14. 0-0 a4 15. Qd1 Qa5 16. Nc1 f5 17. Nd3 f4 18. Bf2 Bf6 19. Kh1 Nxd3 20. Qxd3 Nc5 21. Bxc5 Qxc5 22. Nxa4 Qd4 23. Qb3 b5 24. Nc3 Bd7 25. Rad1 Qc5 26. Qb4 Rfc8 27. Bd3 Rab8 28. Rc1 Bd8 29. Na2 Qb6 30. Rfd1 Kf7 31. Bf1 Ke7 32. Qe1 h5 33. Nb4 Kf8 34. Qd2 Be7 35. Nc6 Bxc6 36. dxc6 Rxc6 37. Qd5 Rxc1 38. Rxc1 Qe3 39. Rd1 Qc5 40. b4 Qc2 41. Qd3 Qxd3 42. Bxd3 1/2-1/2

[Event "Olympiad Women-44"]
[Site "Chennai"]
[Date "2022.08.08"]
[Round "10.3"]
[White "Mungunzul, Bat Erdene"]
[Black "Krasteva, Beloslava"]
[Result "1-0"]
[WhiteElo "2163"]
[BlackElo "2249"]
[PlyCount "133"]
[EventDate "2022.07.29"]
[EventType "team-swiss"]
[EventRounds "11"]
[EventCountry "IND"]
[SourceTitle "CBM 210"]
[Source "ChessBase"]
[SourceDate "2022.10.31"]
[SourceVersion "1"]
[SourceVersionDate "2022.10.31"]
[SourceQuality "1"]
[WhiteTeam "Mongolia (W)"]
[BlackTeam "Bulgaria (W)"]
[WhiteTeamCountry "MGL"]
[BlackTeamCountry "BUL"]

1. d4 Nf6 2. c4 e6 3. Nc3 Bb4 4. Qc2 d6 5. Nf3 Nbd7 6. Bd2 b6 7. e4 Bb7 8. Bd3 e5 9. Nd5 Bxd2+ 10. Qxd2 0-0 11. 0-0 c6 12. Ne3 Re8 13. Nf5 Nf8 14. Rfe1 Bc8 15. Ne3 Qc7 16. Qc2 Ng6 17. b4 Nf4 18. dxe5 dxe5 19. c5 bxc5 20. bxc5 Nd7 21. Rec1 Bb7 22. Bc4 Nxc5 23. Ng5 Nce6 24. Bxe6 Nxe6 25. Nxe6 Rxe6 26. Qc5 Qe7 27. Qa5 Qd8 28. Qa3 g6 29. Rab1 Bc8 30. h3 a5 31. Rd1 Qc7 32. Qc5 Ba6 33. Rb6 Qa7 34. Rxc6 Qxc5 35. Rxc5 Bb7 36. f3 a4 37. Rd7 Bc6 38. Rc7 Ra6 39. a3 f6 40. Ng4 h5 41. Ne3 Kf8 42. h4 Be8 43. Nd5 Rac6 44. Kf2 Rxc7 45. Rxc7 Bc6 46. Nb4 Be8 47. Ke3 Rd6 48. Rc1 Kf7 49. g3 Kf8 50. f4 exf4+ 51. gxf4 Bf7 52. Nc6 Be8 53. Nd4 Rb6 54. e5 Bd7 55. Ke4 Ke7 56. Rc7 Kd8 57. Rc3 fxe5 58. fxe5 Rb1 59. e6 Be8 60. Ke5 Ke7 61. Rc7+ Kf8 62. Nf3 Rb5+ 63. Kd4 Rb3 64. Ng5 Rxa3 65. Nh7+ Kg8 66. Nf6+ Kf8 67. Rh7 1-0

[Event "MGL-ch (Women)"]
[Site "Chinggis City"]
[Date "2022.05.13"]
[Round "2"]
[White "Mungunzul, Bat Erdene"]
[Black "Bayarmaa, Bayarjargal"]
[Result "0-1"]
[WhiteElo "2091"]
[BlackElo "2124"]
[PlyCount "124"]
[EventDate "2022.05.12"]
[EventType "tourn"]
[EventRounds "11"]
[EventCountry "MGL"]
[SourceTitle "CBM 208 Extra"]
[Source "ChessBase"]
[SourceDate "2022.07.31"]
[SourceVersion "1"]
[SourceVersionDate "2022.07.31"]
[SourceQuality "1"]

1. d4 Nf6 2. c4 g6 3. Nc3 Bg7 4. e4 d6 5. Nf3 0-0 6. Be2 e5 7. 0-0 Na6 8. Be3 c6 9. Qd2 Qe8 10. dxe5 dxe5 11. h3 Qe7 12. Rfd1 Nh5 13. Qd6 Qxd6 14. Rxd6 Nf4 15. Bf1 Ne6 16. Rad1 Re8 17. a3 Bf8 18. R6d2 f6 19. b4 c5 20. Nd5 Kf7 21. Rb1 b6 22. g4 g5 23. Bg2 Bb7 24. Nh2 Rac8 25. b5 Nac7 26. a4 Nf4 27. a5 Nxg2 28. Kxg2 Nxd5 29. exd5 Rcd8 30. Nf1 h5 31. Ng3 hxg4 32. hxg4 Bc8 33. f3 e4 34. f4 gxf4 35. Bxf4 Bxg4 36. Nf1 Bd6 37. Bxd6 Rxd6 38. Ne3 Bd7 39. Kg3 Rh8 40. Rh2 Rxh2 41. Kxh2 f5 42. axb6 axb6 43. Kg3 Rh6 44. Rf1 Kg6 45. Kf4 Kf6 46. Rf2 Rh4+ 47. Kg3 Kg5 48. Ng2 Rg4+ 49. Kh2 f4 50. d6 f3 51. Ne3 Rh4+ 52. Kg1 Rh6 53. Rd2 Kf4 54. Nd5+ Kg3 55. Ne3 f2+ 56. Rxf2 Rh1+ 57. Kxh1 Kxf2 58. Nd1+ Ke2 59. Nc3+ Kd3 60. Nd5 e3 61. Kg2 e2 62. Kf2 Kd2 0-1

[Event "Wch U20 Girls 37th"]
[Site "New Delhi"]
[Date "2019.10.21"]
[Round "7"]
[White "Protopopova, Anastasiya"]
[Black "Mungunzul, Bat Erdene"]
[Result "1-0"]
[WhiteElo "2263"]
[BlackElo "1912"]
[PlyCount "69"]
[EventDate "2019.10.15"]
[EventType "swiss"]
[EventRounds "11"]
[EventCountry "IND"]
[SourceTitle "CBM 192 Extra"]
[Source "Chessbase"]
[SourceDate "2019.11.06"]
[SourceVersion "1"]
[SourceVersionDate "2019.11.06"]
[SourceQuality "1"]

1. d4 d5 2. c4 c6 3. Nf3 Nf6 4. g3 Bf5 5. Nc3 e6 6. Nh4 Be4 7. f3 Bg6 8. Nxg6 hxg6 9. Qb3 Qc8 10. Be3 Nbd7 11. Bf2 dxc4 12. Qxc4 Bd6 13. e4 e5 14. f4 Nb6 15. Qe2 exd4 16. Bxd4 Be7 17. 0-0-0 Qe6 18. h4 Bb4 19. Bh3 Qe7 20. Rhe1 0-0 21. a3 Bxc3 22. Bxc3 Rfd8 23. e5 Rxd1+ 24. Rxd1 Nfd5 25. Be1 Qc5+ 26. Kb1 Re8 27. h5 gxh5 28. Qxh5 Qb5 29. Bf5 Ne3 30. Qh7+ Kf8 31. Bb4+ c5 32. Bd7 Nxd7 33. Rxd7 Qf1+ 34. Be1 Qxe1+ 35. Ka2 1-0